Outlines of the history of ethics : (Record no. 30552)
[ view plain ]
| 000 -LEADER | |
|---|---|
| fixed length control field | 01197mam a2200325 i 4500 |
| 001 - CONTROL NUMBER | |
| control field | 30552 |
| 003 - CONTROL NUMBER IDENTIFIER | |
| rucl marc code | BD-RjUL |
| 005 - DATE AND TIME OF LATEST TRANSACTION | |
| control field | 20211209051559.0 |
| 008 - FIXED-LENGTH DATA ELEMENTS--GENERAL INFORMATION | |
| fixed length control field | 140410r19671931enk 001 0 eng d |
| 035 ## - SYSTEM CONTROL NUMBER | |
| System control number | (BD-RjUL)30638 |
| System control number | (NNC)2087974 |
| 040 ## - CATALOGING SOURCE | |
| Original cataloging agency | Fordham Univ. Library |
| Transcribing agency | YNG |
| Modifying agency | FDA |
| -- | BD-RjUL |
| Language of cataloging | eng |
| 041 ## - LANGUAGE CODE | |
| Language code of text/sound track or separate title | eng |
| 082 ## - DEWEY DECIMAL CLASSIFICATION NUMBER | |
| Classification number | 170.9 |
| Author mark and year | SIO 1960-1967 |
| 100 1# - MAIN ENTRY--PERSONAL NAME | |
| Personal name | Sidgwick, Henry, |
| Dates associated with a name | 1838-1900. |
| 9 (RLIN) | 92814 |
| 245 10 - TITLE STATEMENT | |
| Title | Outlines of the history of ethics : |
| Remainder of title | for English readers / |
| Statement of responsibility, etc. | by Henry Sidgwick ; with an additional chapter by Alban G. Widgery. |
| 250 ## - EDITION STATEMENT | |
| Edition statement | 6th ed. (enlarged) |
| 260 ## - PUBLICATION, DISTRIBUTION, ETC. (IMPRINT) | |
| Place of publication, distribution, etc. | London : |
| Name of publisher, distributor, etc. | Macmillan, |
| Date of publication, distribution, etc. | 1931. [Reprinted 1960, 1967] |
| 300 ## - PHYSICAL DESCRIPTION | |
| Pagination | xxvi, 342 p. ; |
| Size | 19 cm. |
| 490 1# - SERIES STATEMENT | |
| Series statement | Macmillan's manuals for students |
| 500 ## - GENERAL NOTE | |
| General note | Based on an article contributed to the "Encyclopaedia britannica." |
| 504 ## - BIBLIOGRAPHY, ETC. NOTE | |
| Bibliography, etc | Bibliography: p. [338] and Index |
| 650 #0 - SUBJECT ADDED ENTRY--TOPICAL TERM | |
| Topical term or geographic name as entry element | Ethics |
| General subdivision | History. |
| 9 (RLIN) | 90964 |
| Topical term or geographic name as entry element | Ethics, Ancient. |
| 9 (RLIN) | 220693 |
| Topical term or geographic name as entry element | Ethics, Modern. |
| 9 (RLIN) | 220694 |
| 700 1# - ADDED ENTRY--PERSONAL NAME | |
| Personal name | Widgery, Alban G. |
| Fuller form of name | (Alban Gregory), |
| Dates associated with a name | 1887-1968 , jt. auth. |
| 830 #0 - SERIES ADDED ENTRY--UNIFORM TITLE | |
| Uniform title | Macmillan's manuals for students. |
| 942 ## - ADDED ENTRY ELEMENTS (KOHA) | |
| Source of classification or shelving scheme | Dewey Decimal Classification |
| Koha item type | Books |
| Lost status | Source of classification or shelving scheme | Damaged status | Not for loan | Collection code | Permanent Location | Current Location | Shelving location | Date acquired | Source of acquisition | Total Checkouts | Full call number | Date last seen | Copy number | Koha item type | Cost, normal purchase price | Date checked out |
|---|---|---|---|---|---|---|---|---|---|---|---|---|---|---|---|---|
| Dewey Decimal Classification | Non-fiction | Central Library, University of Rajshahi | Central Library, University of Rajshahi | 08/02/1973 | British Councile Gift | 170.9 SIO 1967 | 10/04/2014 | C-9 | Books | |||||||
| Dewey Decimal Classification | Non-fiction | Central Library, University of Rajshahi | Central Library, University of Rajshahi | 08/02/1973 | British Councile Gift | 170.9 SIO 1967 | 10/04/2014 | C-8 | Books | |||||||
| Dewey Decimal Classification | Non-fiction | Central Library, University of Rajshahi | Central Library, University of Rajshahi | 10/04/2014 | 170.9 SIO 1967 | 10/04/2014 | C-10 | Books | ||||||||
| Dewey Decimal Classification | Non-fiction | Central Library, University of Rajshahi | Central Library, University of Rajshahi | 07/02/1963 | Zeitlinger | 170.9 SIO 1960 | 15/04/2014 | C-7 | Books | 30.00 | ||||||
| Dewey Decimal Classification | Not For Loan | Non-fiction | Central Library, University of Rajshahi | Central Library, University of Rajshahi | Rare Book Section | 23/04/2014 | 170.9 SIO 1967 | 23/04/2014 | C-1 | Books | ||||||
| Dewey Decimal Classification | Non-fiction | Central Library, University of Rajshahi | Central Library, University of Rajshahi | 23/04/2014 | 1 | 170.9 SIO 1967 | 16/08/2018 | C-2 | Books | 01/04/2018 | ||||||
| Dewey Decimal Classification | Non-fiction | Central Library, University of Rajshahi | Central Library, University of Rajshahi | 23/04/2014 | 170.9 SIO 1967 | 23/04/2014 | C-3 | Books | ||||||||
| Dewey Decimal Classification | Non-fiction | Central Library, University of Rajshahi | Central Library, University of Rajshahi | 23/04/2014 | 170.9 SIO 1967 | 23/04/2014 | C-4 | Books | ||||||||
| Dewey Decimal Classification | Non-fiction | Central Library, University of Rajshahi | Central Library, University of Rajshahi | 23/04/2014 | 170.9 SIO 1967 | 23/04/2014 | C-5 | Books | ||||||||
| Dewey Decimal Classification | Non-fiction | Central Library, University of Rajshahi | Central Library, University of Rajshahi | 23/04/2014 | 170.9 SIO 1967 | 23/04/2014 | C-6 | Books |